FREUD: LA FILOSOFIA Y LOS FILOSOFOS/
TRADUCCION DE: FREUD. LA PHILOSOPHIE ET LES PHILOSOPHES
Uloženo v:
| Hlavní autor: | |
|---|---|
| Médium: | Kniha |
| Edice: | PAIDOS STUDIO;
29 |
| Témata: | |
| Tagy: |
Žádné tagy, Buďte první, kdo vytvoří štítek k tomuto záznamu!
|
MARC
| LEADER | 00000nam^a2200000^a^4500 | ||
|---|---|---|---|
| 001 | 000224203 | ||
| 005 | 20250521000000.0 | ||
| 009 | 20260310104041.228 | ||
| 020 | |a 84-7509-184-9 | ||
| 035 | |a 042811 | ||
| 037 | |a Acervo Xavier Clavigero | ||
| 082 | |a 150. 1952 |b ASS | ||
| 100 | |a Assoun, Paul-Laurent |e (autor) | ||
| 245 | 1 | 0 | |a FREUD: |b LA FILOSOFIA Y LOS FILOSOFOS/ |c PAUL-LAURENT ASSOUN; TR. ALBERTO LUIS BIXIO |
| 264 | |a BARCELONA : |b PAIDOS, |c 1982 | ||
| 300 | |a 246p. | ||
| 336 | |a texto |b txt |2 rdacontenido | ||
| 337 | |a sin mediación |b n |2 rdamedio | ||
| 338 | |a volumen |b nc |2 rdasoporte | ||
| 440 | |a PAIDOS STUDIO; |v 29 | ||
| 520 | |a TRADUCCION DE: FREUD. LA PHILOSOPHIE ET LES PHILOSOPHES | ||
| 649 | |a XX | ||
| 650 | |a Freud, Sigmund | ||
| 910 | |a Fondo General | ||
| 920 | |a Impresos - Libros | ||
| 930 | |a Colección General | ||
| 905 | |a 101 | ||
| 901 | |a 042811 |b IT1 |c ACC |i 042811 |u 20250521 | ||
| 902 | |a https://opac.biblio.iteso.mx/vufind/Record/000224203 | ||